000 00278nam a22001217a 4500
003 SGT
082 _a158.3
_bD11T
100 _aTIMULAK, LADISLAV
245 _a DEVELOPING YOUR COUNSELLING & PSYCHOTHERAPY
260 _aANGELES
_bSAGE
_c2011
300 _a240
942 _2ddc
_cBK
999 _c15054
_d15054